ბათუმის შოთა რუსთაველის სახელმწიფო უნივერსიტეტის ბიბლიოთეკა

CRC handbook of mariculture / (ბიბ.ჩანაწერი № 50538)

000 -LEADER
fixed length control field 01053pam a2200301 a 4500
001 - CONTROL NUMBER
control field 3450737
005 - DATE AND TIME OF LATEST TRANSACTION
control field 20200227163226.0
008 - FIXED-LENGTH DATA ELEMENTS--GENERAL INFORMATION
fixed length control field 920812m19939999flua b 001 0 eng
010 ## - LIBRARY OF CONGRESS CONTROL NUMBER
LC control number 92030906
020 ## - INTERNATIONAL STANDARD BOOK NUMBER
International Standard Book Number 0849302552 (v. 1 : acidfree paper)
040 ## - CATALOGING SOURCE
Original cataloging agency DLC
Transcribing agency DLC
Modifying agency DLC
050 00 - LIBRARY OF CONGRESS CALL NUMBER
Classification number SH138
Item number .C73 1993
080 ## - UNIVERSAL DECIMAL CLASSIFICATION NUMBER
Universal Decimal Classification number 639(075.8) M-30
082 00 - DEWEY DECIMAL CLASSIFICATION NUMBER
Classification number 639/.8
Edition number 20
245 00 - TITLE STATEMENT
Title CRC handbook of mariculture /
Statement of responsibility, etc. edited by James P. McVey.
250 ## - EDITION STATEMENT
Edition statement 2nd ed.
264 ## - PRODUCTION, PUBLICATION, DISTRIBUTION, MANUFACTURE, AND COPYRIGHT NOTICE
Place of production, publication, distribution, manufacture Boca Raton :
Name of producer, publisher, distributor, manufacturer CRC,
Date of production, publication, distribution, manufacture, or copyright notice c1993-
300 ## - PHYSICAL DESCRIPTION
Extent 526 p.v. <1 > :
Other physical details ill. ;
Dimensions 27 cm.
504 ## - BIBLIOGRAPHY, ETC. NOTE
Bibliography, etc. note Includes bibliographical references and index.
505 1# - FORMATTED CONTENTS NOTE
Formatted contents note v. 1. Crustacean aquaculture.
650 #0 - SUBJECT ADDED ENTRY--TOPICAL TERM
Topical term or geographic name entry element Mariculture.
9 (RLIN) 7587
653 ## - INDEX TERM--UNCONTROLLED
keyword მებაღეობა
653 ## - INDEX TERM--UNCONTROLLED
keyword სოფლის მეურნეობა
700 1# - ADDED ENTRY--PERSONAL NAME
Personal name McVey, James P.
9 (RLIN) 7588
906 ## - LOCAL DATA ELEMENT F, LDF (RLIN)
a 7
b cbc
c orignew
d 1
e ocip
f 19
g y-gencatlg
942 ## - ADDED ENTRY ELEMENTS (KOHA)
Source of classification or shelving scheme
Koha item type წიგნი
ეგზემპლარები
Withdrawn status Lost status Source of classification or shelving scheme Damaged status Not for loan Permanent Location Current Location Shelving location Date acquired Cost, normal purchase price Full call number Barcode Date last seen Copy number Price effective from Koha item type Public note
          ბათუმის შოთა რუსთაველის სახელმწიფო უნივერსიტეტის მთავარი ბიბლიოთეკა ბათუმის შოთა რუსთაველის სახელმწიფო უნივერსიტეტის მთავარი ბიბლიოთეკა წიგნსაცავი 2018-12-17 900.00 639(075.8) M-30 726 2018-12-17 726 2018-12-17 წიგნი 900 ლ.